[Event "Detroit (MOR/6/28)"]
[Site "?"]
[Date "1994.??.??"]
[Round "?"]
[White "Nikitin, M."]
[Black "Watassek, F."]
[Result "1-0"]
[WhiteElo "1605"]
[BlackElo "1605"]
[PlyCount "111"]
[EventDate "1994.??.??"]

{6/(28)} 1. e4 e5 2. Nf3 Nc6 3. Bb5 a6 4. Ba4 Nf6 5. O-O Bc5 6. c3 O-O 7. Re1
d6 8. Bc2 Bg4 9. h3 Bh5 10. d3 h6 11. Be3 b6 12. Nbd2 Bxe3 13. Rxe3 Re8 14. Nb3
Re7 15. d4 exd4 16. Nbxd4 Qe8 17. Qd3 Bg6 18. Nf5 Re6 19. Rae1 Ne5 20. Nxe5
dxe5 21. Bb3 Bxf5 22. exf5 Re7 23. f4 e4 24. Qe2 Qb5 25. g4 Qxe2 26. R1xe2 Rae8
27. g5 hxg5 28. fxg5 Nh7 29. g6 Nf6 30. gxf7+ Rxf7 31. Bxf7+ Kxf7 32. Kg2 Re5
33. Rf2 Nd5 34. Ree2 e3 35. Rf3 b5 36. b3 Re4 37. Kg3 Kf6 38. h4 Ne7 39. Rf4
Nxf5+ 40. Kf3 Rxf4+ 41. Kxf4 Nxh4 42. Kxe3 g5 43. Rf2+ Ke5 44. Rf7 Kd6 45. Rf6+
Kc5 46. Rxa6 Nf5+ 47. Kf3 c6 48. Ra8 Nd6 49. Rg8 Nf7 50. Rg7 g4+ 51. Kxg4 Ne5+
52. Kf4 Nd3+ 53. Ke4 Nc1 54. Rg5+ Kb6 55. Rg2 Ka5 56. Rc2 1-0

[Event "Detroit (MOR/2/11)"]
[Site "?"]
[Date "1994.??.??"]
[Round "?"]
[White "Nikitin, M."]
[Black "Harlan, K."]
[Result "0-1"]
[WhiteElo "1605"]
[BlackElo "1730"]
[PlyCount "136"]
[EventDate "1994.??.??"]

{2/(11)} 1. e4 e5 2. Nf3 Nc6 3. Bb5 a6 4. Ba4 Nf6 5. O-O b5 6. Bb3 Bc5 7. Re1
d6 8. h3 Be6 9. Bxe6 fxe6 10. c3 O-O 11. Qb3 Qd7 12. d3 h6 13. Be3 Bxe3 14.
Rxe3 Nh5 15. Nbd2 Rf6 16. Nf1 Raf8 17. N1h2 g5 18. Rf1 Qf7 19. Ng4 Rg6 20. a3
Nf4 21. Qd1 h5 22. Ngh2 g4 23. hxg4 hxg4 24. Nh4 Rg5 25. Nxg4 Qh5 26. Nf6+ Rxf6
27. Qxh5 Rxh5 28. g3 Ng6 29. Nf3 Nge7 30. Kg2 Rfh6 31. Ree1 Ng6 32. Rg1 Kf7 33.
b4 Ke7 34. Kf1 Rh1 35. Ke2 Rxg1 36. Rxg1 Kf6 37. Ke3 Rh8 38. Rf1 Nce7 39. Re1
Ra8 40. Nd2 a5 41. Nf1 axb4 42. axb4 c5 43. Rc1 cxb4 44. cxb4 Rb8 45. Nd2 d5
46. Nb1 d4+ 47. Ke2 Rc8 48. Rxc8 Nxc8 49. Nd2 Nge7 50. Nb3 Nc6 51. f4 Nxb4 52.
fxe5+ Kxe5 53. g4 Ne7 54. g5 Nbc6 55. Kf3 Kd6 56. Kg4 e5 57. Kh5 Nb4 58. Nc1
Ke6 59. Kh6 Kf7 60. Kh7 Ng6 61. Kh6 Nc2 62. Nb3 Ne1 63. Nc5 Nf4 64. Nd7 Nexd3
65. Kh7 b4 66. Nb6 b3 67. Nd5 b2 68. Nc3 dxc3 0-1

[Event "Detroit (MOR/4/13)"]
[Site "?"]
[Date "1994.??.??"]
[Round "?"]
[White "Nikitin, M."]
[Black "Drysdale, Gilbert"]
[Result "0-1"]
[WhiteElo "1605"]
[BlackElo "1755"]
[PlyCount "96"]
[EventDate "1994.??.??"]

{4/(13)} 1. e4 d5 2. exd5 Nf6 3. Bb5+ Bd7 4. Bxd7+ Qxd7 5. Nc3 Nxd5 6. Nxd5
Qxd5 7. Qf3 Qe6+ 8. Ne2 Nc6 9. O-O O-O-O 10. c3 Ne5 11. Qe4 Nd3 12. Qe3 Qa6 13.
b3 e5 14. Qe4 Bc5 15. Qg4+ Kb8 16. Qxg7 Nxf2 17. Rxf2 Qxe2 18. d4 Qd1+ 19. Rf1
Bxd4+ 20. cxd4 Qxd4+ 21. Be3 Qxe3+ 22. Kh1 Rhg8 23. Qxf7 Qe2 24. Rf2 Rd1+ 25.
Rxd1 Qxd1+ 26. Rf1 Rd8 27. Qf8 Rxf8 28. Rxd1 Kc8 29. Kg1 c6 30. Re1 Re8 31. Rd1
Rd8 32. Rxd8+ Kxd8 33. g4 Ke7 34. h4 a5 35. a4 b5 36. Kf2 bxa4 37. bxa4 Ke6 38.
Ke3 c5 39. Ke4 h6 40. Ke3 Kd5 41. Kd3 e4+ 42. Ke3 c4 43. g5 hxg5 44. hxg5 c3
45. g6 Ke6 46. g7 Kf7 47. g8=Q+ Kxg8 48. Ke2 Kf7 0-1

[Event "Detroit (MOR/7/14)"]
[Site "?"]
[Date "1994.??.??"]
[Round "?"]
[White "Nikitin, M."]
[Black "Choyke, J."]
[Result "0-1"]
[WhiteElo "1605"]
[BlackElo "1620"]
[PlyCount "36"]
[EventDate "1994.??.??"]

{7/(14)} 1. e4 Nf6 2. e5 Nd5 3. d4 d6 4. exd6 cxd6 5. c4 Nb6 6. Nf3 g6 7. Nc3
Bg7 8. Be3 O-O 9. Qd2 Nc6 10. O-O-O Bg4 11. h3 Bxf3 12. gxf3 d5 13. b3 e6 14.
Bd3 Nxd4 15. Bxd4 Bxd4 16. h4 Qf6 17. Nb5 Be5 18. Qe2 dxc4 0-1

[Event "Detroit (MOR/4/15)"]
[Site "?"]
[Date "1994.??.??"]
[Round "?"]
[White "Nicolli, Randy"]
[Black "Sunts, A."]
[Result "1/2-1/2"]
[WhiteElo "1750"]
[BlackElo "1605"]
[PlyCount "126"]
[EventDate "1994.??.??"]

{4/(15)} 1. f4 g6 2. Nf3 Bg7 3. d4 d5 4. e3 Nf6 5. Bd3 Bg4 6. O-O Nc6 7. Bd2
O-O 8. c3 a6 9. Be1 b5 10. Nbd2 Na5 11. h3 Bxf3 12. Nxf3 Nc4 13. Qc1 Qd7 14. b3
Nb6 15. Ne5 Qd6 16. a3 Nfd7 17. c4 Bxe5 18. fxe5 Qe6 19. c5 Nc8 20. Be2 f6 21.
Bg4 f5 22. Be2 c6 23. Bh4 a5 24. Qe1 Rf7 25. Bg5 Nf8 26. Qh4 Qd7 27. Rf2 Ne6
28. Bh6 Ng7 29. Raf1 e6 30. g4 Ne7 31. Bg5 Raf8 32. Bf6 Ne8 33. g5 f4 34. Bxe7
Qxe7 35. exf4 Ng7 36. Bg4 Nf5 37. Bxf5 Rxf5 38. Qg4 Qg7 39. h4 h6 40. gxh6 Qxh6
41. Rg2 Kg7 42. Rf3 Rxf4 43. Rxf4 Rxf4 44. Qxe6 Rf7 45. Qh3 Qc1+ 46. Kh2 Qf4+
47. Qg3 Qf5 48. e6 Qxe6 49. h5 Rf6 50. Qc7+ Kh6 51. Qd8 Kh7 52. hxg6+ Rxg6 53.
Qc7+ Kg8 54. Rxg6+ Qxg6 55. Qg3 Kf7 56. Qc3 b4 57. axb4 axb4 58. Qxb4 Qc2+ 59.
Kg3 Qd3+ 60. Kf2 Qc2+ 61. Ke3 Ke6 62. Qa4 Qc3+ 63. Ke2 Qc2+ 1/2-1/2

[Event "Grand Rapids (MI Am/3/6)"]
[Site "?"]
[Date "1994.??.??"]
[Round "?"]
[White "Nicolli, Randy"]
[Black "Straub, F."]
[Result "1/2-1/2"]
[WhiteElo "1735"]
[BlackElo "1885"]
[PlyCount "122"]
[EventDate "1994.??.??"]

{3/(6)} 1. f4 Nf6 2. Nf3 g6 3. e3 Bg7 4. d4 c5 5. Bd3 O-O 6. O-O b6 7. c3 Bb7
8. Bd2 d6 9. Qe2 Nc6 10. Na3 Re8 11. e4 e5 12. d5 Nb8 13. fxe5 dxe5 14. c4 a6
15. Nc2 Nbd7 16. h3 Qc7 17. g4 h6 18. Rf2 Rec8 19. Be3 Ne8 20. Qd2 Kh7 21. Raf1
Nd6 22. Nce1 b5 23. b3 bxc4 24. bxc4 a5 25. Ng2 Ba6 26. Qe2 Rab8 27. Qc2 Rb7
28. Bd2 a4 29. Qxa4 Nb6 30. Qc2 Nbxc4 31. Bxc4 Nxc4 32. Rb1 Rcb8 33. Rxb7 Rxb7
34. Bc3 f6 35. Nd2 Nd6 36. Ne3 Qd8 37. Rf1 Bxf1 38. Ndxf1 Qb8 39. Nd2 Nb5 40.
Nb3 Nd4 41. Bxd4 exd4 42. Nc4 Qg3+ 43. Qg2 Qe1+ 44. Kh2 Bf8 45. d6 Rb4 46. Nbd2
Qc1 47. e5 fxe5 48. Qd5 e4 49. Qf7+ Bg7 50. d7 Rb8 51. Kg2 e3 52. Ne4 Rf8 53.
Nf6+ Kh8 54. Qxf8+ Bxf8 55. d8=Q Qc2+ 56. Kf3 Qf2+ 57. Ke4 Kg7 58. Ne8+ Kh8 59.
Ne5 Qg2+ 60. Nf3 Qc2+ 61. Ke5 e2 {#} 1/2-1/2

[Event "Detroit (MOR/6/13)"]
[Site "?"]
[Date "1994.??.??"]
[Round "?"]
[White "Nicolli, Randy"]
[Black "Stemmler, Daniel"]
[Result "1-0"]
[WhiteElo "1750"]
[BlackElo "1610"]
[PlyCount "77"]
[EventDate "1994.??.??"]

{6/(13)} 1. f4 b6 2. e4 Bb7 3. d3 Nf6 4. Be3 g6 5. Nd2 Bg7 6. Rb1 O-O 7. Be2 c5
8. Nh3 d5 9. Bf3 Nc6 10. O-O e5 11. a3 Nd4 12. Bxd4 dxe4 13. Bxe5 exf3 14. Nxf3
Re8 15. Re1 Ng4 16. Bxg7 Kxg7 17. Rxe8 Qxe8 18. Qd2 Rd8 19. Re1 Qd7 20. Nhg5
Kg8 21. h3 Nf6 22. Qf2 Rf8 23. Ne5 Qb5 24. c3 Kg7 25. Re2 Qa4 26. g3 h6 27.
Ngf3 Nh5 28. Qe1 f6 29. Nxg6 Kxg6 30. Nh4+ Kg7 31. Re7+ Rf7 32. Nf5+ Kg6 33.
Rxf7 Kxf7 34. Nd6+ Kg6 35. f5+ Kg7 36. Qe7+ Kg8 37. Qf7+ Kh8 38. Qxh5 Kg7 39.
Qg6+ 1-0

[Event "Detroit (Class B/3/9)"]
[Site "?"]
[Date "1994.??.??"]
[Round "?"]
[White "Nicolli, Randy"]
[Black "Rostrom, Richard"]
[Result "1-0"]
[WhiteElo "1735"]
[BlackElo "1675"]
[PlyCount "89"]
[EventDate "1994.??.??"]

{3/(9)} 1. f4 d5 2. e3 Nf6 3. b3 g6 4. Bb2 Bg7 5. Nf3 O-O 6. g3 Bg4 7. Bg2 c6
8. O-O Qc8 9. Qe1 Bh3 10. d3 Bxg2 11. Kxg2 Re8 12. Nbd2 Nbd7 13. Ne5 Ng4 14.
Ndf3 Ngxe5 15. Nxe5 Qc7 16. d4 Nf6 17. Qe2 Ne4 18. Rf3 Rad8 19. a3 e6 20. Raf1
a6 21. g4 Qa5 22. b4 Qb5 23. Qe1 a5 24. f5 Bxe5 25. dxe5 axb4 26. fxg6 fxg6 27.
axb4 Qc4 28. c3 Qd3 29. Rf7 Qc2+ 30. Kg1 Qxb2 31. Qh4 h5 32. gxh5 Qxc3 33. hxg6
Qxe3+ 34. Kh1 Ng5 35. Qh6 Qe4+ 36. R1f3 Qe1+ 37. Kg2 Qe2+ 38. Kg3 Qxe5+ 39. Kg4
Qh8 40. Qxg5 Qxh2 41. Qf6 Qg2+ 42. Kh4 Qh1+ 43. Kg3 Qe1+ 44. Kh2 Qe2+ 45. Kh3
1-0

[Event "Grand Rapids (MI Am/1/21)"]
[Site "?"]
[Date "1994.??.??"]
[Round "?"]
[White "Nicolli, Randy"]
[Black "Priebe, Raymond"]
[Result "1-0"]
[WhiteElo "1735"]
[BlackElo "1605"]
[PlyCount "39"]
[EventDate "1994.??.??"]

{1/(21)} 1. f4 d5 2. b3 e6 3. Bb2 Nf6 4. Nf3 Nc6 5. e3 Bd6 6. Bb5 a6 7. Bxc6+
bxc6 8. O-O O-O 9. Qe1 Ne4 10. d3 Nc5 11. Nbd2 Qe7 12. g4 f6 13. Kh1 e5 14. g5
Bh3 15. Rg1 e4 16. gxf6 Qf7 17. Rxg7+ Kh8 18. Rxf7 exd3 19. Rxf8+ Rxf8 20. f7+
1-0

[Event "Detroit (MOR/2/8)"]
[Site "?"]
[Date "1994.??.??"]
[Round "?"]
[White "Nicolli, Randy"]
[Black "Palmeri, S."]
[Result "1-0"]
[WhiteElo "1750"]
[BlackElo "1605"]
[PlyCount "65"]
[EventDate "1994.??.??"]

{2/(8)} 1. f4 c5 2. b3 d5 3. Bb2 Bf5 4. Nf3 e6 5. e3 Nc6 6. Bb5 a6 7. Bxc6+
bxc6 8. O-O Nf6 9. d3 Be7 10. Nbd2 Qc7 11. Ne5 h5 12. Ndf3 Ng4 13. Qe1 f6 14.
Nxg4 hxg4 15. Nh4 O-O-O 16. Nxf5 exf5 17. Bc3 Rde8 18. Ba5 Qb8 19. Qc3 Rh6 20.
g3 Reh8 21. Rf2 g5 22. b4 gxf4 23. exf4 Qd6 24. a3 Kd7 25. Re1 cxb4 26. Bxb4 c5
27. Ba5 c4 28. Bb4 Qb6 29. Rxe7+ Kc8 30. d4 R6h7 31. Rxh7 Rxh7 32. Re2 Kd7 33.
Qe3 1-0

[Event "Detroit (Class B/1/10)"]
[Site "?"]
[Date "1994.??.??"]
[Round "?"]
[White "Nicolli, Randy"]
[Black "Choyke, J."]
[Result "1-0"]
[WhiteElo "1735"]
[BlackElo "1625"]
[PlyCount "89"]
[EventDate "1994.??.??"]

{1/(10)} 1. f4 d5 2. e3 Nf6 3. b3 d4 4. Bb2 dxe3 5. Qe2 e6 6. dxe3 Bb4+ 7. c3
Bd6 8. Nd2 Qe7 9. O-O-O Ba3 10. Ngf3 Bxb2+ 11. Kxb2 O-O 12. Ne5 Rd8 13. g4 c6
14. Bg2 a5 15. Ndc4 Nd5 16. e4 Nxf4 17. Rxd8+ Qxd8 18. Rd1 Qe7 19. Qd2 g5 20.
Nb6 Nd7 21. Nexd7 Bxd7 22. Nxa8 Nxg2 23. Qxd7 Qc5 24. Qd8+ Kg7 25. Qd4+ Qxd4
26. Rxd4 Nh4 27. Nb6 Nf3 28. Rd7 Nxh2 29. Rxb7 h5 30. gxh5 g4 31. Nc4 g3 32.
Ne3 Nf1 33. Ng2 Nd2 34. h6+ Kxh6 35. Rxf7 Nxe4 36. Ra7 Kg5 37. Rxa5+ Kg4 38.
Ne1 Kf4 39. a4 e5 40. Ra8 Ke3 41. Rf8 Nf2 42. Ng2+ Ke2 43. a5 Kf1 44. Nh4 Ke2
45. a6 1-0

[Event "Detroit (MOR/7/1)"]
[Site "?"]
[Date "1994.??.??"]
[Round "?"]
[White "Neshewat, Michael"]
[Black "Walquist, Elaine"]
[Result "1-0"]
[WhiteElo "1790"]
[BlackElo "1605"]
[PlyCount "80"]
[EventDate "1994.??.??"]

{7/(1)} 1. e4 c6 2. d4 d5 3. e5 Bf5 4. Bd3 Bxd3 5. Qxd3 e6 6. Ne2 Ne7 7. Ng3
Na6 8. a3 Ng6 9. O-O Be7 10. c3 O-O 11. f4 Nc7 12. Be3 Qd7 13. Nd2 Ne8 14. Rf2
f6 15. Raf1 f5 16. Nf3 Nh4 17. Nxh4 Bxh4 18. Bc1 g6 19. Rf3 Rf7 20. Ne2 h5 21.
Kh1 Rh7 22. Ng1 b5 23. Rh3 Bd8 24. Qg3 Qg7 25. Bd2 Rb8 26. Qf3 Rb7 27. Be1 Be7
28. Bh4 Bf8 29. Qe3 a6 30. Nf3 Rh6 31. Bg5 Rh7 32. Rg3 Kh8 33. Nh4 Kg8 34. Re1
Kf7 35. Bf6 Nxf6 36. exf6 Qxf6 37. Rxg6 Rh6 38. Rxf6+ Rxf6 39. Nf3 Bd6 40. g3
Bxf4 1-0

[Event "Detroit (MOR/2/1)"]
[Site "?"]
[Date "1994.??.??"]
[Round "?"]
[White "Neshewat, Michael"]
[Black "Stemmler, Daniel"]
[Result "1-0"]
[WhiteElo "1790"]
[BlackElo "1610"]
[PlyCount "79"]
[EventDate "1994.??.??"]

{2/(1)} 1. e4 g6 2. d4 Bg7 3. Nf3 d6 4. h3 Nd7 5. Bd3 c5 6. d5 Ne5 7. Nxe5 Bxe5
8. O-O Bg7 9. c4 Nf6 10. Nc3 O-O 11. Qc2 a6 12. b3 Bd7 13. Bb2 Qc8 14. f4 Bxh3
15. gxh3 Qxh3 16. Qg2 Qxd3 17. Rad1 Qe3+ 18. Kh1 Nxe4 19. Rf3 Nxc3 20. Rxe3
Nxd1 21. Rxe7 Nxb2 22. Qe2 Rab8 23. Kg2 Rfd8 24. Kg3 b5 25. Kg4 bxc4 26. bxc4
Na4 27. f5 Bf6 28. Re3 Nc3 29. Qh2 Re8 30. Rxe8+ Rxe8 31. Qxd6 gxf5+ 32. Kxf5
Re5+ 33. Kxf6 Ne4+ 34. Kxe5 Nxd6 35. Kxd6 h5 36. Kc7 h4 37. d6 h3 38. d7 h2 39.
d8=Q+ Kg7 40. Qh4 1-0

[Event "Detroit (Class A/2/11)"]
[Site "?"]
[Date "1994.??.??"]
[Round "?"]
[White "Neshewat, Michael"]
[Black "Garrison, Ray"]
[Result "0-1"]
[WhiteElo "1825"]
[BlackElo "1955"]
[PlyCount "112"]
[EventDate "1994.??.??"]

{2/(11)} 1. d4 Nf6 2. c4 c5 3. Nf3 cxd4 4. Nxd4 Qa5+ 5. Bd2 Qb6 6. Nb3 Ne4 7.
e3 Qf6 8. Qf3 Qxf3 9. gxf3 Nxd2 10. N1xd2 Nc6 11. a3 d6 12. Be2 g6 13. Rb1 a5
14. O-O a4 15. Nc1 Bf5 16. e4 Be6 17. Rd1 Bh6 18. Kg2 Nd4 19. Bd3 Ra5 20. Nf1
Rg5+ 21. Ng3 Nxf3 22. b4 Bg7 23. Be2 Nh4+ 24. Kh1 Bh3 25. f4 Bg2+ 26. Kg1 Bxe4
27. Nd3 Bd4+ 28. Kf1 Rxg3 29. hxg3 Nf5 30. Rdc1 Nxg3+ 31. Ke1 Be3 32. Rd1 Nf5
33. Rb2 Bd4 34. Ra2 Ne3 35. Rc1 Ng2+ 36. Kf1 Be3 37. Rc3 Bd4 38. Rc1 Be3 39.
Rb1 Nxf4 40. Rd1 Ne6 41. Nf2 Bf5 42. Bd3 Nd4 43. Bxf5 Nxf5 44. Ke2 Bh6 45. Ne4
Bg7 46. c5 dxc5 47. Nxc5 Nd4+ 48. Kf2 O-O 49. Nxa4 e5 50. Nc5 Nb5 51. Rd7 b6
52. Rb7 Nc3 53. Rc2 e4 54. Rxb6 e3+ 55. Ke1 Rd8 56. Rc1 h5 0-1

[Event "Detroit (MOR/5/1)"]
[Site "?"]
[Date "1994.??.??"]
[Round "?"]
[White "Neshewat, Michael"]
[Black "Foord, Allan"]
[Result "1-0"]
[WhiteElo "1790"]
[BlackElo "1650"]
[PlyCount "41"]
[EventDate "1994.??.??"]

{5/(1)} 1. e4 c5 2. Nf3 d6 3. d4 cxd4 4. Nxd4 Nf6 5. Nc3 a6 6. Be2 e6 7. Be3
Be7 8. Qd2 Qc7 9. f3 d5 10. a3 dxe4 11. fxe4 O-O 12. O-O-O Nc6 13. Nxc6 Qxc6
14. Bf3 Rd8 15. Qxd8+ Bxd8 16. Rxd8+ Ne8 17. e5 Qd7 18. Rxd7 Bxd7 19. Bxb7 Rb8
20. Bxa6 Nc7 21. Rd1 1-0

[Event "Detroit (MOR/4/1)"]
[Site "?"]
[Date "1994.??.??"]
[Round "?"]
[White "Neshewat, Michael"]
[Black "Carr, J."]
[Result "1-0"]
[WhiteElo "1790"]
[BlackElo "1700"]
[PlyCount "81"]
[EventDate "1994.??.??"]

{4/(1)} 1. e4 c5 2. Nf3 Nf6 3. Nc3 d5 4. e5 Nfd7 5. d4 e6 6. Ne2 Nc6 7. c3 Be7
8. Ng3 b6 9. Bb5 Bb7 10. O-O a6 11. Ba4 h6 12. a3 b5 13. Bc2 Nf8 14. Be3 c4 15.
Nd2 Nh7 16. Nh5 g5 17. Qg4 Kd7 18. f4 Qg8 19. fxg5 hxg5 20. h4 Rf8 21. Nf3 gxh4
22. Qxg8 Rfxg8 23. Nxh4 Nd8 24. Nf3 Ng5 25. Nxg5 Bxg5 26. Bxg5 Rxg5 27. Nf6+
Ke7 28. Rf3 Bc6 29. Raf1 Be8 30. g4 Rg7 31. Kg2 Nc6 32. Rh3 Rxh3 33. Kxh3 Nb8
34. Kh4 Nd7 35. Kh5 Kf8 36. g5 Ke7 37. Kh6 Kf8 38. Nh5 Rg8 39. Bh7 Rh8 40. g6
Rg8 41. g7+ 1-0

[Event "Grand Rapids (MI Am/3/12)"]
[Site "?"]
[Date "1994.??.??"]
[Round "?"]
[White "Neely, Richard"]
[Black "Kreger, David"]
[Result "0-1"]
[WhiteElo "1605"]
[BlackElo "1605"]
[PlyCount "90"]
[EventDate "1994.??.??"]

{3/(12)} 1. d4 Nf6 2. c4 e6 3. Nc3 Bb4 4. Bd2 Qe7 5. Nf3 b6 6. Nb5 Bxd2+ 7.
Nxd2 d6 8. e4 a6 9. Qa4 O-O 10. Nc3 Nbd7 11. Bd3 Bb7 12. Qc2 e5 13. d5 a5 14.
O-O Nh5 15. Ne2 g5 16. Ng3 Ndf6 17. Nf5 Qd8 18. Qd1 Bc8 19. Nf3 Bxf5 20. exf5
h6 21. Be2 Ng7 22. g4 Nxg4 23. Nd4 Nf6 24. Nc6 Qd7 25. Qc2 Kh8 26. Bd3 Nfh5 27.
Rfe1 f6 28. Re2 Nf4 29. Re3 h5 30. Rae1 Rf7 31. a4 g4 32. c5 Nxd3 33. Qxd3 dxc5
34. Nxe5 fxe5 35. Rxe5 Nxf5 36. Qc3 Kg8 37. Qc1 Rg7 38. Qc4 Nd6 39. Qf4 Qf7 40.
Qh6 Re8 41. Rxe8+ Nxe8 42. Qc6 Nd6 43. Qa8+ Kh7 44. Re6 h4 45. Qa6 Qf3 0-1

[Event "Grand Rapids (MI Am/4/22)"]
[Site "?"]
[Date "1994.??.??"]
[Round "?"]
[White "Neely, Richard"]
[Black "Fowler, B."]
[Result "0-1"]
[WhiteElo "1605"]
[BlackElo "1605"]
[PlyCount "126"]
[EventDate "1994.??.??"]

{4/(22)} 1. d4 Nf6 2. c4 e5 3. Bg5 Be7 4. Nc3 exd4 5. Qxd4 Nc6 6. Qd3 Nb4 7.
Qd1 d6 8. a3 Nc6 9. g3 Ng4 10. Bxe7 Qxe7 11. Bg2 Nce5 12. Nd5 Qd8 13. e3 c6 14.
Nf4 Nxc4 15. Qd4 d5 16. Qxg7 Qf6 17. Qxf6 Nxf6 18. b3 Nd6 19. Nf3 Be6 20. O-O
O-O-O 21. Ng5 Rde8 22. Ngxe6 fxe6 23. Bh3 Kd7 24. Nd3 Ke7 25. f4 Kf7 26. Rae1
Nfe4 27. Ne5+ Kf6 28. Rd1 Nc3 29. Rd3 Nde4 30. Nd7+ Ke7 31. Nc5 Ne2+ 32. Kh1
Nxc5 33. Rd2 Nc3 34. f5 Rhf8 35. g4 N3e4 36. Rg2 Nxb3 37. g5 exf5 38. Rxf5 Rxf5
39. Bxf5 Rh8 40. Rb2 Na5 41. Bxe4 dxe4 42. Rb4 Kf7 43. Rxe4 Re8 44. Rf4+ Kg6
45. e4 Kxg5 46. Rf5+ Kg6 47. Rxa5 Rxe4 48. Rxa7 b5 49. Ra6 Re6 50. a4 bxa4 51.
Rxa4 c5 52. Rg4+ Kf5 53. Rg7 h6 54. Rc7 Re5 55. Kg2 Ke4 56. h4 h5 57. Rc6 Kd4
58. Ra6 c4 59. Rd6+ Rd5 60. Rxd5+ Kxd5 61. Kf2 Kd4 62. Ke2 c3 63. Kd1 Kd3 0-1

[Event "Detroit (Beg/5/10)"]
[Site "?"]
[Date "1994.??.??"]
[Round "?"]
[White "Murari, J."]
[Black "Willman, T."]
[Result "0-1"]
[WhiteElo "1605"]
[BlackElo "1605"]
[PlyCount "68"]
[EventDate "1994.??.??"]

{5/(10)} 1. e4 e6 2. Nf3 d5 3. e5 Nc6 4. d4 Nge7 5. Bb5 a6 6. Ba4 b5 7. Bb3 Nf5
8. Bg5 Be7 9. Bxe7 Qxe7 10. O-O O-O 11. Nc3 Bd7 12. a4 b4 13. Ne2 Na5 14. c4
dxc4 15. Bc2 Rab8 16. Bxf5 exf5 17. d5 Rfd8 18. d6 cxd6 19. Qxd6 Nc6 20. Rad1
Be8 21. Qxe7 Nxe7 22. Rd4 Rbc8 23. Rfd1 Nc6 24. R4d2 c3 25. bxc3 b3 26. Rb1 Na5
27. Nfd4 Bxa4 28. Nc1 Nc4 29. Re2 Nxe5 30. Ncxb3 Rxc3 31. g3 Nc4 32. Rbe1 Kf8
33. Rc1 Rxc1+ 34. Nxc1 Rxd4 0-1

[Event "Detroit (Beg/2/5)"]
[Site "?"]
[Date "1994.??.??"]
[Round "?"]
[White "Murani, J."]
[Black "Whitaker, Deshontae"]
[Result "0-1"]
[WhiteElo "1605"]
[BlackElo "1605"]
[PlyCount "158"]
[EventDate "1994.??.??"]

{2/(5)} 1. e4 e5 2. Nf3 Nf6 3. Nxe5 Nxe4 4. Qe2 d6 5. Qxe4 dxe5 6. Qxe5+ Be6 7.
g3 Nc6 8. Qe2 Bc5 9. Bg2 O-O 10. Nc3 Re8 11. Ne4 Nd4 12. Qd3 Bd5 13. O-O Bb6
14. Nc3 Bxg2 15. Kxg2 Ba5 16. Nb5 Qd5+ 17. Kg1 Nf3+ 18. Kh1 Nd4+ 19. f3 Qc5 20.
Nxd4 Rad8 21. c3 Qb6 22. Qb5 c5 23. Qxb6 Bxb6 24. Nb5 a6 25. Na3 Re2 26. Nc4
Bc7 27. d4 cxd4 28. Bg5 f6 29. Bf4 Bb6 30. Nxb6 d3 31. Bc7 Rde8 32. Rad1 R8e7
33. Nd5 Rd7 34. Rxd3 Rxb2 35. a4 Ra2 36. Re1 Rxa4 37. Re8+ Kf7 38. Re7+ Rxe7
39. Nxe7 Kxe7 40. Bd6+ Ke6 41. Bf8 Kf7 42. Bc5 b5 43. Rd7+ Ke6 44. Rxg7 Rc4 45.
Re7+ Kd5 46. Bd4 b4 47. cxb4 Rxd4 48. Rd7+ Kc4 49. Ra7 Kb5 50. Rb7+ Ka4 51. h4
Rxb4 52. Rxh7 a5 53. h5 Kb3 54. Rf7 a4 55. h6 a3 56. Ra7 a2 57. h7 Rb8 58. g4
Kb2 59. Rb7+ Rxb7 60. h8=Q a1=Q+ 61. Kg2 Ka2 62. Qa8+ Kb1 63. Qxb7+ Kc1 64.
Qc6+ Kb1 65. g5 Qb2+ 66. Kg3 Qe5+ 67. Kg4 Qxg5+ 68. Kh3 f5 69. Qb6+ Kc2 70.
Qc7+ Kd3 71. Qg3 Qh5+ 72. Kg2 Ke3 73. f4+ Ke4 74. Qf3+ Qxf3+ 75. Kh2 Qxf4+ 76.
Kg2 Ke3 77. Kh3 Qg4+ 78. Kh2 Kf2 79. Kh1 Qh3# 0-1

[Event "Detroit (Beg/1/12)"]
[Site "?"]
[Date "1994.??.??"]
[Round "?"]
[White "Murani, J."]
[Black "Sloan, L."]
[Result "1-0"]
[WhiteElo "1605"]
[BlackElo "1605"]
[PlyCount "95"]
[EventDate "1994.??.??"]

{1/(12)} 1. e4 Nf6 2. Nc3 Nc6 3. Nf3 e6 4. d4 Be7 5. e5 Nh5 6. g3 b6 7. Bg2 Bb7
8. d5 Na5 9. dxe6 dxe6 10. Bg5 f6 11. exf6 gxf6 12. Bh6 b5 13. Nxb5 Qd7 14. Bg7
Nxg7 15. Qxd7+ Kxd7 16. O-O-O+ Ke8 17. Nh4 f5 18. Nxc7+ Kf7 19. Nxa8 Bxa8 20.
Bxa8 Rxa8 21. Rd7 Ke8 22. Rhd1 Kf8 23. b4 Bg5+ 24. Kb1 Nc6 25. b5 Nb4 26. c3
Nd5 27. c4 Nf6 28. Rd8+ Rxd8 29. Rxd8+ Ke7 30. Ra8 Ne4 31. f3 Nf2 32. Rxa7+ Kf6
33. b6 Ne8 34. b7 Ke5 35. b8=Q+ Nd6 36. c5 Kd5 37. cxd6 Kc4 38. d7 Nd1 39. d8=Q
Bxd8 40. Qxd8 Nc3+ 41. Kc2 e5 42. Nxf5 h5 43. Ne3+ Kc5 44. Rc7+ Kb4 45. Nd5+
Nxd5 46. Qxd5 Ka4 47. Ra7+ Kb4 48. a3# 1-0

[Event "Detroit (Beg/3/5)"]
[Site "?"]
[Date "1994.??.??"]
[Round "?"]
[White "Munger, R."]
[Black "Ware, C."]
[Result "0-1"]
[WhiteElo "1605"]
[BlackElo "1605"]
[PlyCount "48"]
[EventDate "1994.??.??"]

{3/(5)} 1. e4 e5 2. Nf3 Nc6 3. g3 Nf6 4. d3 Bc5 5. Bg2 h6 6. Nbd2 d5 7. exd5
Nxd5 8. Nc4 Qf6 9. Qe2 Bg4 10. c3 O-O 11. Qe4 Bf5 12. Qxd5 b6 13. Nfxe5 Bxf2+
14. Kxf2 Be4+ 15. Bf4 Bxd5 16. Bxd5 Nxe5 17. Bxa8 Nxd3+ 18. Kg1 Rxa8 19. Rd1
Rd8 20. Rd2 Qf5 21. b3 Re8 22. Kg2 Qe4+ 23. Kf1 Qf3+ 24. Rf2 Re1# 0-1

[Event "Detroit (Beg/1/3)"]
[Site "?"]
[Date "1994.??.??"]
[Round "?"]
[White "Munger, R."]
[Black "Ballard, C."]
[Result "1-0"]
[WhiteElo "1605"]
[BlackElo "1605"]
[PlyCount "77"]
[EventDate "1994.??.??"]

{1/(3)} 1. e4 e5 2. d3 Nf6 3. g3 Bc5 4. Nf3 Nc6 5. Bg2 d6 6. O-O O-O 7. Nc3 Bg4
8. Qe1 Bb4 9. a3 Ba5 10. b4 Bb6 11. Na4 Nd4 12. Nxb6 cxb6 13. Nxd4 exd4 14. Bb2
Rc8 15. Rc1 Nd7 16. Bxd4 Ne5 17. Qe3 Rc6 18. b5 Rc7 19. a4 Qc8 20. c4 Re7 21.
f3 Bh3 22. g4 Bxg2 23. Kxg2 Qe6 24. h3 Qh6 25. f4 Ng6 26. a5 bxa5 27. Bxa7 Ra8
28. Bb6 a4 29. c5 dxc5 30. Bxc5 Rc7 31. b6 Rc6 32. Rf2 Rac8 33. Ra2 Nxf4+ 34.
Kg3 Nh5+ 35. gxh5 Qxe3+ 36. Bxe3 Rxc1 37. Bxc1 Rxc1 38. Rxa4 Rc3 39. Ra8+ 1-0

[Event "Grand Rapids (MI Am/5/7)"]
[Site "?"]
[Date "1994.??.??"]
[Round "?"]
[White "Munger, Larry"]
[Black "Williams, Ken"]
[Result "0-1"]
[WhiteElo "1725"]
[BlackElo "1860"]
[PlyCount "60"]
[EventDate "1994.??.??"]

{5/(7)} 1. e4 e5 2. d3 Bc5 3. g3 Nf6 4. Bg2 O-O 5. Nf3 Re8 6. O-O d6 7. c3 Bb6
8. Nbd2 c6 9. Qc2 d5 10. d4 dxe4 11. Nxe5 c5 12. Nxe4 cxd4 13. Nxf6+ Qxf6 14.
cxd4 Bxd4 15. Nf3 Bb6 16. Bf4 Bf5 17. Qd2 Nc6 18. Bg5 Qe6 19. Nh4 Bh3 20. Rfe1
Qg4 21. Bf3 Qc4 22. b3 Qb5 23. Bg2 Rxe1+ 24. Rxe1 Bxg2 25. Kxg2 Ba5 26. Qd1
Bxe1 27. Be3 Ba5 28. Nf3 Rd8 29. Qc2 Qd5 30. Qc4 Qxf3+ 0-1

[Event "Detroit (MOR/2/13)"]
[Site "?"]
[Date "1994.??.??"]
[Round "?"]
[White "Munger, Larry"]
[Black "West, Tony"]
[Result "0-1"]
[WhiteElo "1725"]
[BlackElo "1605"]
[PlyCount "116"]
[EventDate "1994.??.??"]

{2/(13)} 1. e4 c5 2. d3 g6 3. g3 Bg7 4. Bg2 Nc6 5. Nf3 e6 6. c3 Nge7 7. Nbd2
O-O 8. Qc2 d5 9. O-O b6 10. Re1 Bb7 11. e5 Nf5 12. Nb3 Qc7 13. d4 Rfc8 14. Bf4
cxd4 15. cxd4 Nb4 16. Qxc7 Rxc7 17. Re2 Rc4 18. a3 Nc6 19. Rd1 Ba6 20. Red2 Rc8
21. Bf1 Ra4 22. Bxa6 Rxa6 23. Nc1 b5 24. Ne2 h6 25. Rc2 g5 26. Be3 Nxe3 27.
fxe3 Ne7 28. Rxc8+ Nxc8 29. Rc1 Nb6 30. Nc3 Nc4 31. Nxb5 Nxb2 32. Rc7 Nc4 33.
Rxa7 Rxa7 34. Nxa7 Nxa3 35. Nc6 Nc4 36. Kf2 Bf8 37. Ne1 g4 38. Ke2 Kg7 39. Nc2
Kg6 40. Kd3 f6 41. exf6 Kxf6 42. Ke2 h5 43. Kd3 Nd6 44. Ne5 Kg5 45. Ke2 Ne4 46.
Nd3 h4 47. Nf4 hxg3 48. hxg3 Nxg3+ 49. Kf2 Ne4+ 50. Kg2 Kf5 51. Nh5 Bh6 52.
Ng3+ Nxg3 53. Kxg3 Ke4 54. Kxg4 Bxe3 55. Kg3 Bxd4 56. Kg2 Bc3 57. Kf2 Kd3 58.
Ne3 Bd4 0-1